[Event "CEDIS Festival saha 2024 - 3. turnir"]
[Site "Podgorica"]
[Date "2024.06.09"]
[Round "4.4"]
[White "Zivkovic, Slaven"]
[Black "Sijaric, Alvir"]
[Result "1-0"]
[WhiteElo "1924"]
[BlackElo "1926"]
[PlyCount "71"]
[EventDate "2024.06.07"]
[EventType "swiss"]
[EventRounds "5"]
[EventCountry "MNE"]
[SourceDate "2024.06.10"]

1. e4 c6 2. d4 d5 3. Nd2 dxe4 4. Nxe4 Bf5 5. Ng3 Bg6 6. Nh3 e6 7. Nf4 Bd6 8.
Bc4 Qc7 9. Ngh5 Bxf4 10. Nxf4 Nf6 11. c3 O-O 12. O-O Bf5 13. h3 Re8 14. Nd3 Nd5
15. Bb3 b5 16. a4 Nd7 17. Bg5 a6 18. Bh4 c5 19. Bg3 Qc6 20. axb5 axb5 21. Rxa8
Rxa8 22. dxc5 Nxc5 23. Ne5 Qb7 24. Bxd5 Qxd5 25. Qxd5 exd5 26. Nc6 Be6 27. Rd1
Ra2 28. Ne7+ Kf8 29. Nxd5 Ne4 30. b4 Rc2 31. Nc7 Bc4 32. Rd8+ Ke7 33. Re8+ Kd7
34. Rxe4 Rxc3 35. Na6 Rb3 36. Nc5+ 1-0

[Event "CEDIS Festival saha 2024 - 3. turnir"]
[Site "Podgorica"]
[Date "2024.06.09"]
[Round "4.5"]
[White "Perazic, Dragutin"]
[Black "Mosurovic, Milena"]
[Result "1-0"]
[WhiteElo "1791"]
[BlackElo "1767"]
[PlyCount "103"]
[EventDate "2024.06.07"]
[EventType "swiss"]
[EventRounds "5"]
[EventCountry "MNE"]
[SourceDate "2024.06.10"]

1. e4 e5 2. Nf3 Nc6 3. d4 exd4 4. Nxd4 Nf6 5. Nxc6 bxc6 6. Bd3 d5 7. exd5 cxd5
8. O-O Be7 9. Bf4 O-O 10. Nd2 Bg4 11. Qc1 c5 12. h3 Be6 13. c4 d4 14. Qc2 h6
15. Bh2 Bd6 16. Bxd6 Qxd6 17. Ne4 Nxe4 18. Bxe4 Rab8 19. Bd3 Rb6 20. f4 Bd7 21.
Rae1 Rfb8 22. b3 Qf6 23. Re5 Rc8 24. Qf2 Re6 25. Rfe1 Rce8 26. Rxe6 Rxe6 27.
Rxe6 Qxe6 28. Kf1 Bc6 29. Qe2 Qxe2+ 30. Bxe2 Be4 31. Bd1 Kf8 32. g3 Ke7 33. Ke2
Kf6 34. h4 Kf5 35. Kd2 f6 36. a3 a5 37. Be2 g5 38. fxg5 fxg5 39. hxg5 Kxg5 40.
Bd1 Bf5 41. Bf3 Bb1 42. Kc1 Bg6 43. Kd2 Bh5 44. Bxh5 Kxh5 45. b4 cxb4 46. axb4
a4 47. c5 a3 48. c6 a2 49. c7 a1=Q 50. c8=Q Qb2+ 51. Kd3 Qxb4 52. Qf5# 1-0

[Event "CEDIS Festival saha 2024 - 3. turnir"]
[Site "Podgorica"]
[Date "2024.06.09"]
[Round "4.6"]
[White "Popovic, Milo"]
[Black "Djukanovic, Sreten"]
[Result "0-1"]
[WhiteElo "1417"]
[BlackElo "2086"]
[PlyCount "98"]
[EventDate "2024.06.07"]
[EventType "swiss"]
[EventRounds "5"]
[EventCountry "MNE"]
[SourceDate "2024.06.10"]

1. e4 d6 2. d4 Nf6 3. Nc3 g6 4. f4 c5 5. Bb5+ Bd7 6. e5 Bxb5 7. exf6 Bd7 8.
dxc5 dxc5 9. Qe2 e6 10. Ne4 Bc6 11. Nf3 Nd7 12. Qd3 Qc7 13. b3 Bxe4 14. Qxe4
Nxf6 15. Qe5 Qxe5+ 16. Nxe5 Nd5 17. Bb2 Bg7 18. g3 O-O 19. O-O-O Rfd8 20. Rd3
f6 21. Ng4 h5 22. Ne3 Nb4 23. Rxd8+ Rxd8 24. a3 Nc6 25. Re1 Kf7 26. c4 h4 27.
Rd1 Rxd1+ 28. Nxd1 f5 29. Bxg7 Kxg7 30. Nf2 Nd4 31. Nd3 Nxb3+ 32. Kc2 Nd4+ 33.
Kc3 hxg3 34. hxg3 b6 35. Kd2 Nc6 36. Nb2 Kf6 37. Ke3 e5 38. Nd3 e4 39. Nb2 g5
40. Na4 gxf4+ 41. gxf4 Na5 42. Nb2 Kg6 43. Kf2 Kh5 44. Kg3 a6 45. a4 e3 46. Kf3
e2 47. Kxe2 Kg4 48. Kf2 Kxf4 49. Nd3+ Ke4 0-1

[Event "CEDIS Festival saha 2024 - 3. turnir"]
[Site "Podgorica"]
[Date "2024.06.09"]
[Round "4.8"]
[White "Zizic, Djordje"]
[Black "Milovic, Sofija"]
[Result "1-0"]
[WhiteElo "1781"]
[BlackElo "1662"]
[PlyCount "59"]
[EventDate "2024.06.07"]
[EventType "swiss"]
[EventRounds "5"]
[EventCountry "MNE"]
[SourceDate "2024.06.10"]

1. e4 d5 2. exd5 Qxd5 3. Nc3 Qd8 4. d4 Nf6 5. Nf3 e6 6. Bd3 Be7 7. Bg5 O-O 8.
Qd2 b6 9. O-O-O Bb7 10. Ne5 Nbd7 11. f4 Nxe5 12. dxe5 Nd5 13. Nxd5 Bxg5 14. Qc3
Bxd5 15. fxg5 Qxg5+ 16. Kb1 Qe7 17. h4 c5 18. Qa3 Qb7 19. h5 h6 20. Qa4 Rac8
21. Ba6 Qa8 22. Bxc8 Rxc8 23. Rhg1 c4 24. g4 a5 25. g5 Bf3 26. Rdf1 Bxh5 27.
gxh6 g6 28. Rxf7 Kxf7 29. Qd7+ Kf8 30. h7 1-0

[Event "CEDIS Festival saha 2024 - 3. turnir"]
[Site "Podgorica"]
[Date "2024.06.09"]
[Round "5.1"]
[White "Grbovic, Dino"]
[Black "Milosevic, Aleksandar"]
[Result "1/2-1/2"]
[WhiteElo "1971"]
[BlackElo "2116"]
[PlyCount "148"]
[EventDate "2024.06.07"]
[EventType "swiss"]
[EventRounds "5"]
[EventCountry "MNE"]
[SourceDate "2024.06.10"]

1. d4 d5 2. c4 e6 3. Nf3 a6 4. cxd5 exd5 5. Nc3 Nf6 6. Qc2 Bd6 7. Bg5 Be6 8. e3
c6 9. Bd3 h6 10. Bh4 Nbd7 11. a4 a5 12. O-O O-O 13. Bg3 Qe7 14. Rac1 Rfe8 15.
Ne2 Bg4 16. Nh4 Ne4 17. Bxd6 Nxd6 18. Nf5 Bxf5 19. Bxf5 Nb8 20. Bd3 Na6 21.
Bxa6 Rxa6 22. Nf4 Qg5 23. b4 axb4 24. Rb1 Nc4 25. Rxb4 Qe7 26. Nd3 Rea8 27. Rc1
R6a7 28. h3 g6 29. Qd1 Kg7 30. Rcb1 h5 31. Nc5 b6 32. Nd3 c5 33. dxc5 bxc5 34.
Rb8 Rxa4 35. R1b7 Ra1 36. Nc1 Qe5 37. Rxa8 Rxa8 38. Nd3 Ra1 39. Rb1 Rxb1 40.
Qxb1 Qc3 41. Nxc5 Nxe3 42. Na4 Qd4 43. fxe3 Qxa4 44. Qb2+ Kh7 45. Qb7 Qa1+ 46.
Kf2 Qf6+ 47. Ke2 Qf5 48. Qb2 g5 49. Qb7 Qe6 50. Qa7 Qf5 51. Qb7 g4 52. hxg4
hxg4 53. Qe7 Kg6 54. Qd8 Kh5 55. Qh8+ Kg5 56. Qg7+ Kh4 57. Qc3 Qe6 58. Qe1+ g3
59. Qh1+ Kg5 60. Qh8 Qg4+ 61. Kd2 Qb4+ 62. Ke2 Qc4+ 63. Kd2 Qa2+ 64. Kd3 Qb1+
65. Kd2 Qb4+ 66. Ke2 Qc4+ 67. Kd2 Qc7 68. Qg7+ Kf5 69. Qh7+ Ke6 70. Qh3+ Ke7
71. Qh4+ Kd7 72. Qg4+ Kc6 73. Qa4+ Kd6 74. Qf4+ Kc6 1/2-1/2

[Event "CEDIS Festival saha 2024 - 3. turnir"]
[Site "Podgorica"]
[Date "2024.06.09"]
[Round "5.2"]
[White "Lagashin, Pavel"]
[Black "Zivkovic, Slaven"]
[Result "1-0"]
[WhiteElo "2046"]
[BlackElo "1924"]
[PlyCount "73"]
[EventDate "2024.06.07"]
[EventType "swiss"]
[EventRounds "5"]
[EventCountry "MNE"]
[SourceDate "2024.06.10"]

1. d4 Nf6 2. c4 e6 3. a3 d5 4. Nc3 Be7 5. Bg5 O-O 6. e3 h6 7. Bh4 a6 8. cxd5
exd5 9. Bd3 b6 10. Nge2 c5 11. Rc1 Bb7 12. O-O Nbd7 13. Bb1 Re8 14. dxc5 bxc5
15. Qb3 Qb6 16. Qxb6 Nxb6 17. Ba2 Rac8 18. Rfd1 Red8 19. f3 Bc6 20. Bf2 g6 21.
Rd2 Rd7 22. Nf4 Bd6 23. Bg3 Be5 24. Nd3 Bxg3 25. hxg3 Bb7 26. Nd1 Kg7 27. Nxc5
Rdc7 28. Rdc2 Nfd7 29. Ne6+ fxe6 30. Rxc7 Rb8 31. e4 Kf6 32. exd5 exd5 33. Ne3
Ne5 34. Rd1 Na4 35. Rd2 Ba8 36. f4 Nc4 37. Bxc4 1-0

[Event "CEDIS Festival saha 2024 - 3. turnir"]
[Site "Podgorica"]
[Date "2024.06.09"]
[Round "5.3"]
[White "Abramovic, Dragoljub"]
[Black "Perazic, Dragutin"]
[Result "1-0"]
[WhiteElo "2023"]
[BlackElo "1791"]
[PlyCount "41"]
[EventDate "2024.06.07"]
[EventType "swiss"]
[EventRounds "5"]
[EventCountry "MNE"]
[SourceDate "2024.06.10"]

1. d4 d5 2. c4 e6 3. Qc2 Nf6 4. Bg5 Be7 5. Nf3 O-O 6. e3 Nbd7 7. cxd5 exd5 8.
Bd3 c6 9. Nc3 Re8 10. O-O h6 11. Bh4 Nh5 12. Bxe7 Rxe7 13. b4 b6 14. a4 a6 15.
b5 axb5 16. axb5 Bb7 17. bxc6 Bxc6 18. Qb3 Nhf6 19. Bf5 Qb8 20. Bxd7 Rxa1 21.
Bxc6 1-0

[Event "CEDIS Festival saha 2024 - 3. turnir"]
[Site "Podgorica"]
[Date "2024.06.09"]
[Round "5.4"]
[White "Djukanovic, Sreten"]
[Black "Doderovic, Aleksa"]
[Result "1-0"]
[WhiteElo "2086"]
[BlackElo "1825"]
[PlyCount "55"]
[EventDate "2024.06.07"]
[EventType "swiss"]
[EventRounds "5"]
[EventCountry "MNE"]
[SourceDate "2024.06.10"]

1. d4 Nf6 2. Nf3 e6 3. c4 d5 4. Nc3 Bb4 5. Qa4+ Nc6 6. e3 O-O 7. Bd3 dxc4 8.
Bxc4 Qe7 9. O-O Na5 10. Bd3 b6 11. Qc2 Bb7 12. e4 h6 13. e5 Nd7 14. Ne4 Qd8 15.
a3 Be7 16. b4 Nc6 17. Bb2 f5 18. Ng3 Bh4 19. Bc4 Re8 20. Nxf5 Nxb4 21. axb4
Bxf3 22. gxf3 Qg5+ 23. Kh1 Kh8 24. Nxh4 Qxh4 25. Rg1 Re7 26. Rg4 Qh3 27. Rg3
Qh4 28. Qe4 1-0

[Event "CEDIS Festival saha 2024 - 3. turnir"]
[Site "Podgorica"]
[Date "2024.06.09"]
[Round "5.5"]
[White "Sijaric, Alvir"]
[Black "Zizic, Djordje"]
[Result "1/2-1/2"]
[WhiteElo "1926"]
[BlackElo "1781"]
[PlyCount "69"]
[EventDate "2024.06.07"]
[EventType "swiss"]
[EventRounds "5"]
[EventCountry "MNE"]
[SourceDate "2024.06.10"]

1. d4 d5 2. c4 e6 3. cxd5 exd5 4. Nc3 Nf6 5. Bg5 Bb4 6. Qc2 h6 7. Bh4 O-O 8. e3
c6 9. Bd3 Bg4 10. h3 Be6 11. Nge2 Nbd7 12. O-O Bd6 13. f4 Nb6 14. Rf3 Nc4 15.
f5 Bd7 16. e4 Qb6 17. Na4 Qb4 18. Be1 Qb5 19. e5 c5 20. Nac3 Qxb2 21. Qxb2 Nxb2
22. exf6 Nxd3 23. fxg7 Rfe8 24. Rxd3 Bxf5 25. Rdd1 Bc2 26. Rd2 cxd4 27. Nxd4
Bc5 28. Bf2 Be4 29. Nde2 Bb4 30. Bd4 Rac8 31. Rb2 Rc4 32. a3 Bxc3 33. Bxc3 Bd3
34. Rxb7 Bxe2 35. Bf6 1/2-1/2

[Event "CEDIS Festival saha 2024 - 3. turnir"]
[Site "Podgorica"]
[Date "2024.06.09"]
[Round "5.6"]
[White "Milovic, Ilija"]
[Black "Lakusic, Zoran"]
[Result "0-1"]
[WhiteElo "1912"]
[BlackElo "1800"]
[PlyCount "115"]
[EventDate "2024.06.07"]
[EventType "swiss"]
[EventRounds "5"]
[EventCountry "MNE"]
[SourceDate "2024.06.10"]

1. d4 Nf6 2. c4 e6 3. Nc3 Bb4 4. e3 Ne4 5. Qc2 d5 6. Bd3 f5 7. Nge2 Nc6 8. Bd2
Bxc3 9. Nxc3 Nxc3 10. bxc3 dxc4 11. Bxc4 O-O 12. O-O Kh8 13. f4 a6 14. Bd3 b6
15. e4 Bb7 16. exf5 Nxd4 17. cxd4 Qxd4+ 18. Kh1 Rad8 19. fxe6 Qxd3 20. Qxd3
Rxd3 21. Rad1 Re8 22. f5 Bd5 23. Bf4 Rxd1 24. Rxd1 c6 25. a3 g6 26. fxg6 hxg6
27. Be3 b5 28. Bd4+ Kg8 29. Re1 Rxe6 30. Rxe6 Bxe6 31. Kg1 Kf7 32. Kf2 Bf5 33.
Ke3 Ke6 34. Kf4 Kd5 35. Bg7 c5 36. h4 Bb1 37. Ke3 a5 38. Kd2 Kc4 39. Kc1 Be4
40. g4 Kb3 41. Bf8 c4 42. h5 gxh5 43. gxh5 b4 44. axb4 axb4 45. h6 c3 46. Bd6
Kc4 47. Be7 b3 48. Ba3 Bh7 49. Bb2 cxb2+ 50. Kxb2 Kb4 51. Ka1 Bg8 52. Kb2 Kc4
53. h7 Bxh7 54. Ka1 Bg8 55. Kb2 Kd3 56. Ka1 Kc3 57. Kb1 Bh7+ 58. Ka1 0-1

[Event "CEDIS Festival saha 2024 - 3. turnir"]
[Site "Podgorica"]
[Date "2024.06.09"]
[Round "5.8"]
[White "Popovic, Milo"]
[Black "Svrkota, Milos"]
[Result "0-1"]
[WhiteElo "1417"]
[BlackElo "1762"]
[PlyCount "45"]
[EventDate "2024.06.07"]
[EventType "swiss"]
[EventRounds "5"]
[EventCountry "MNE"]
[SourceDate "2024.06.10"]

1. e4 e5 2. Nf3 Nc6 3. Bb5 a6 4. Ba4 Nf6 5. O-O b5 6. Bb3 d6 7. Re1 Be7 8. c3
O-O 9. h3 Na5 10. Bc2 c5 11. d4 cxd4 12. cxd4 exd4 13. Nxd4 Bb7 14. Nf5 Qc7 15.
Nxe7+ Qxe7 16. Nc3 Rac8 17. Bf4 Rfd8 18. Nd5 Qe6 19. Nxf6+ Qxf6 20. Qd2 Nc4 21.
Qc1 Qxb2 22. Qxb2 Nxb2 23. Rab1 0-1